| 000 | 00808cam a2200241 a 4500 | ||
|---|---|---|---|
| 001 | 17233785 | ||
| 005 | 20170729092413.0 | ||
| 008 | 120330s2013 enka b 001 0 eng | ||
| 020 | _a9781849712910 (hbk) | ||
| 020 | _a9780203119846 (ebk) | ||
| 040 | _cPK-LaUMT | ||
| 082 | 0 | 0 |
_a711.5522 _223 _bSUS- |
| 245 | 0 | 0 |
_aSustainable retrofitting of commercial buildings / _cedited by Richard Hyde ... [et al.] |
| 260 |
_aLondon ; _aNew York : _bRoutledge, _c2013 |
||
| 300 |
_axxx, 481 p. : _bill. ; _c24 cm. |
||
| 650 | 0 |
_aCommercial buildings _xEnergy conservation. |
|
| 650 | 0 |
_aBuildings _xEnergy conservation. |
|
| 650 | 0 |
_aCommercial buildings _xRemodeling. |
|
| 650 | 0 |
_aSustainable buildings _xDesign and construction. |
|
| 650 | 0 | _aSustainable construction. | |
| 700 | 1 | _aHyde, Richard, | |
| 942 | _cBK | ||
| 999 |
_c95916 _d95916 |
||